| 000 | 00539nam a22002057a 4500 | ||
|---|---|---|---|
| 003 | OSt | ||
| 005 | 20160527155754.0 | ||
| 008 | 160527b xxu||||| |||| 00| 0 eng d | ||
| 020 | _a070661707 | ||
| 040 | _cDDC. | ||
| 082 | _a541BAR 1979. | ||
| 100 |
_aBarrow,M.Gordon; _99062 |
||
| 245 | _aPhysical Chemistry. | ||
| 250 | _a4th ed | ||
| 260 |
_aSydney. _bMcGraw-Hill International Book Company. _c1979. |
||
| 300 |
_axvi,832p; _bill; _c25cm. |
||
| 504 | _aincludes index. | ||
| 650 |
_aPhysical Chemistry. _91450 |
||
| 942 |
_2ddc _cO_SHELF |
||
| 999 |
_c4205 _d4205 |
||